[Event "WchT Blitz Pool B"]
[Site "London"]
[Date "2025.06.14"]
[Round "4.1"]
[White "Zhu, Pengxiao"]
[Black "Madan, Augustin"]
[Result "0-1"]
[WhiteElo "1938"]
[BlackElo "2259"]
[PlyCount "56"]
[EventDate "2025.06.14"]
[EventType "team-tourn"]
[EventRounds "13"]
[EventCountry "ENG"]
[SourceTitle "CB25_2025"]
[SourceDate "2025.06.18"]
[SourceVersion "1"]
[SourceVersionDate "2025.06.18"]
[SourceQuality "1"]
[WhiteTeam "UK Challenge Masters"]
[BlackTeam "Desert Penguins"]
[WhiteTeamCountry "ENG"]
[BlackTeamCountry "ENG"]

1. d4 Nf6 2. c4 e6 3. Nc3 Bb4 4. Qc2 Nc6 5. Nf3 0-0 6. Bg5 h6 7. Bh4 d6 8. e3 e5 9. Be2 Bg4 10. d5 Nb8 11. 0-0 Bxc3 12. Qxc3 g5 13. Bg3 Ne4 14. Qc2 f5 15. h3 Bxf3 16. Bxf3 Nxg3 17. fxg3 e4 18. Be2 Nd7 19. g4 Qe7 20. gxf5 Qe5 21. Rf2 a5 22. Raf1 Nf6 23. Qb3 b6 24. Qb5 Kh8 25. Qc6 Qe7 26. a3 Kg7 27. b4 axb4 28. axb4 Ra7 0-1

[Event "BCF-chT4S 2324 (4NCL)"]
[Site "England"]
[Date "2024.01.06"]
[Round "3.31"]
[White "Madan, Augustin"]
[Black "Kothari, Jai"]
[Result "1/2-1/2"]
[WhiteElo "2283"]
[BlackElo "2039"]
[PlyCount "62"]
[EventDate "2024.02.11"]
[EventType "team-swiss"]
[EventRounds "11"]
[EventCountry "ENG"]
[SourceTitle "EXT 2025"]
[Source "ChessBase"]
[SourceDate "2024.10.14"]
[SourceVersion "1"]
[SourceVersionDate "2024.10.14"]
[SourceQuality "1"]
[WhiteTeam "Desert Penguins"]
[BlackTeam "Guildford Young Guns"]
[WhiteTeamCountry "ENG"]
[BlackTeamCountry "ENG"]

1. d4 Nf6 2. c4 c5 3. e3 cxd4 4. exd4 g6 5. Nf3 Bg7 6. Nc3 0-0 7. Be2 d5 8. c5 Nc6 9. 0-0 Ne4 10. Be3 f5 11. Bf4 h6 12. Bb5 Nxd4 13. Nxd4 e5 14. Nc6 bxc6 15. Bxc6 Nxc3 16. bxc3 Rb8 17. Bxd5+ Kh7 18. Bc1 Qa5 19. c4 Qxc5 20. Qa4 Qc7 21. Be3 a6 22. Qa3 Bb7 23. Qc5 Qd7 24. Qa7 Qc8 25. Rac1 f4 26. Bc5 Rd8 27. Be7 Rd7 28. Be6 Qc6 29. Bd5 Qc8 30. Be6 Qc6 31. Bd5 Qc8 1/2-1/2

[Event "London Psyon"]
[Site "London"]
[Date "2023.08.09"]
[Round "5"]
[White "Durak, Can"]
[Black "Madan, Augustin"]
[Result "1/2-1/2"]
[WhiteElo "2343"]
[BlackElo "2292"]
[PlyCount "135"]
[EventDate "2023.08.07"]
[EventType "tourn"]
[EventRounds "9"]
[EventCountry "ENG"]
[SourceTitle "CBM 215 Extra"]
[Source "ChessBase"]
[SourceDate "2023.09.30"]
[SourceVersion "1"]
[SourceVersionDate "2023.09.30"]
[SourceQuality "1"]

1. Nf3 Nf6 2. g3 c5 3. Bg2 Nc6 4. 0-0 e5 5. c4 d5 6. cxd5 Nxd5 7. d3 Be7 8. Nc3 Be6 9. Nd2 0-0 10. Nc4 Qd7 11. Bd2 f6 12. Rc1 Nxc3 13. bxc3 b5 14. Ne3 Rab8 15. c4 bxc4 16. Nxc4 Nd4 17. Bc3 Kh8 18. Qd2 Qa4 19. Rfe1 Rfd8 20. Na5 c4 21. Qd1 Qxd1 22. Rcxd1 Nb5 23. Ba1 Bb4 24. Nc6 Bxe1 25. Nxd8 Rxd8 26. a4 cxd3 27. exd3 Na3 28. Rxe1 Nc2 29. Rc1 Nxa1 30. Rxa1 Rxd3 31. Rb1 g6 32. h4 Bb3 33. Bf1 Rc3 34. a5 f5 35. a6 Kg7 36. Ra1 Kf6 37. Ra5 Rc1 38. Kg2 Bc4 39. Bxc4 Rxc4 40. Rb5 Rc6 41. Rb7 Rxa6 42. Rxh7 Ra2 43. h5 gxh5 44. Rxh5 e4 45. Kf1 a5 46. Rh8 Rb2 47. Rf8+ Ke5 48. Rd8 a4 49. Ra8 Rb4 50. Ra5+ Kd4 51. Rxf5 Kc3 52. Ke2 a3 53. Ra5 Kb3 54. Ke3 a2 55. Rxa2 Kxa2 56. g4 Kb3 57. g5 Kc3 58. g6 Rb6 59. Kxe4 Rxg6 60. f4 Ra6 61. f5 Kd2 62. Ke5 Ke3 63. f6 Ra7 64. Ke6 Ke4 65. f7 Ra8 66. Ke7 Ke5 67. f8Q Rxf8 68. Kxf8 1/2-1/2

[Event "EU-ch Rapid"]
[Site "Katowice"]
[Date "2022.12.18"]
[Round "8"]
[White "Redzisz, Michal"]
[Black "Madan, Augustin"]
[Result "1/2-1/2"]
[WhiteElo "2260"]
[BlackElo "2292"]
[PlyCount "109"]
[EventDate "2022.12.17"]
[EventType "swiss (rapid)"]
[EventRounds "11"]
[EventCountry "POL"]
[SourceTitle "CBM 211 Extra"]
[Source "ChessBase"]
[SourceDate "2023.01.31"]
[SourceVersion "1"]
[SourceVersionDate "2023.01.31"]
[SourceQuality "1"]

1. d4 d5 2. c4 e6 3. Nf3 c6 4. Nbd2 Nf6 5. g3 Bd6 6. Bg2 0-0 7. 0-0 Nbd7 8. Qc2 Re8 9. Rd1 Qe7 10. b3 e5 11. e4 dxe4 12. Nxe4 Nxe4 13. Qxe4 Nf6 14. Qc2 Bg4 15. Re1 Bxf3 16. Bxf3 Qc7 17. Bb2 exd4 18. Bxd4 Be5 19. Bxe5 Rxe5 20. Rxe5 Qxe5 21. Rd1 a5 22. Qd2 Re8 23. Kg2 g5 24. Kf1 g4 25. Bg2 Kg7 26. h4 h6 27. Re1 Qxe1+ 28. Qxe1 Rxe1+ 29. Kxe1 Kg6 30. Kd2 Kf5 31. Ke3 Ke5 32. a3 Ne8 33. Bf1 c5 34. Be2 f5 35. f4+ gxf3 36. Bxf3 Nd6 37. a4 b6 38. Bd5 Ne8 39. Bc6 Ng7 40. Bd7 Nh5 41. Kf3 Nf6 42. Bc8 Ng4 43. Bd7 Nf6 44. Bc8 Ne4 45. g4 fxg4+ 46. Kxg4 Kf6 47. Kh5 Kg7 48. Kg4 Nd6 49. Bf5 Kf6 50. Bc2 Nf7 51. Kh5 Kg7 52. Kg4 Nd6 53. Bb1 Kf6 54. Kh5 Kg7 55. Kg4 1/2-1/2

[Event "EU-ch Rapid"]
[Site "Katowice"]
[Date "2022.12.17"]
[Round "3"]
[White "Madan, Augustin"]
[Black "Peglau, Charis"]
[Result "1/2-1/2"]
[WhiteElo "2292"]
[BlackElo "2008"]
[PlyCount "179"]
[EventDate "2022.12.17"]
[EventType "swiss (rapid)"]
[EventRounds "11"]
[EventCountry "POL"]
[SourceTitle "CBM 211 Extra"]
[Source "ChessBase"]
[SourceDate "2023.01.31"]
[SourceVersion "1"]
[SourceVersionDate "2023.01.31"]
[SourceQuality "1"]

1. b3 b6 2. Bb2 Bb7 3. Nf3 Nf6 4. g3 c5 5. Bg2 g6 6. 0-0 Bg7 7. d3 0-0 8. Nbd2 Nc6 9. e4 d5 10. e5 Ng4 11. Qe2 Qc7 12. Rfe1 h5 13. h3 Nh6 14. c4 dxc4 15. dxc4 Rad8 16. Nf1 e6 17. Rad1 Nf5 18. g4 hxg4 19. hxg4 Nfd4 20. Nxd4 Nxd4 21. Bxd4 Rxd4 22. Rxd4 cxd4 23. f4 Bxg2 24. Kxg2 Rd8 25. Qe4 d3 26. Rd1 Qd7 27. g5 Bf8 28. Ne3 Qd4 29. Qxd4 Rxd4 30. Kf3 Bc5 31. Nf1 Kf8 32. Nd2 Bb4 33. Ke3 Rd8 34. Ne4 d2 35. Nxd2 Ke7 36. Ke2 Rd4 37. Ke3 Rd8 38. Ke2 Rd4 39. Nf3 Rxf4 40. Rd4 Rxd4 41. Nxd4 Kd7 42. Kd3 Bc5 43. Nf3 Bb4 44. Kd4 Bc5+ 45. Kc3 a5 46. Kd3 Kc6 47. Nd4+ Kd7 48. Ke4 Be7 49. Kf4 Bc5 50. Nc2 Kc6 51. a3 Be7 52. b4 axb4 53. axb4 Bf8 54. Ke4 Be7 55. Kf4 Bf8 56. Nd4+ Kd7 57. b5 Bc5 58. Ne2 Bb4 59. Ke3 Be7 60. Kf4 Bb4 61. Ng1 Bd2+ 62. Kg4 Bc3 63. Nf3 Bb4 64. Kf4 Bc5 65. Nd2 Ba3 66. Ke4 Bc1 67. Nf3 Ba3 68. Kd3 Bb4 69. Nd2 Ba3 70. Kc3 Bc1 71. Ne4 Be3 72. Kd3 Bg1 73. Nd6 Ke7 74. Ke4 Bf2 75. Kd3 Bg1 76. Ne4 Kd7 77. Nd2 Bc5 78. Nb3 Be7 79. c5 bxc5 80. Kc4 Bxg5 81. Nxc5+ Kc7 82. Ne4 Bf4 83. Nd6 Bxe5 84. Nxf7 Bf4 85. Kc5 Be3+ 86. Kc4 g5 87. Kd3 Bf4 88. Ke4 Kb6 89. Nxg5 Bxg5 90. Ke5 1/2-1/2

[Event "EU-ch Blitz"]
[Site "Katowice"]
[Date "2022.12.16"]
[Round "20"]
[White "Madan, Augustin"]
[Black "Manik, Mikulas"]
[Result "0-1"]
[WhiteElo "2292"]
[BlackElo "2359"]
[PlyCount "80"]
[EventDate "2022.12.16"]
[EventType "swiss (blitz)"]
[EventRounds "22"]
[EventCountry "POL"]
[SourceTitle "CBM 211 Extra"]
[Source "ChessBase"]
[SourceDate "2023.01.31"]
[SourceVersion "1"]
[SourceVersionDate "2023.01.31"]
[SourceQuality "1"]

1. e3 g6 2. Nf3 Bg7 3. d4 Nf6 4. b3 c5 5. Bb2 cxd4 6. exd4 0-0 7. Be2 Nc6 8. 0-0 d5 9. Nbd2 Bf5 10. a3 Rc8 11. h3 Ne4 12. Bd3 Nxd2 13. Qxd2 Qd7 14. Rfe1 a6 15. Rad1 Rfd8 16. Re2 Bxd3 17. Qxd3 e6 18. Ree1 Qc7 19. Re2 b5 20. Ree1 Ne7 21. Re2 Nf5 22. Ne1 Nd6 23. f3 Nf5 24. Qd2 Qg3 25. Rf2 Bh6 26. f4 Nh4 27. Kf1 Rc6 28. Qd3 Bxf4 29. Qxg3 Bxg3 30. Re2 Rdc8 31. c3 Nf5 32. Rd3 Bc7 33. Kf2 Ba5 34. b4 Bb6 35. g4 Nd6 36. Ree3 Nc4 37. Re2 Nxb2 38. Rxb2 Rxc3 39. Rbd2 Rxd3 40. Rxd3 e5 0-1

[Event "EU-ch Blitz"]
[Site "Katowice"]
[Date "2022.12.16"]
[Round "16"]
[White "Madan, Augustin"]
[Black "Przybylski, Wojciech"]
[Result "1-0"]
[WhiteElo "2292"]
[BlackElo "2321"]
[PlyCount "129"]
[EventDate "2022.12.16"]
[EventType "swiss (blitz)"]
[EventRounds "22"]
[EventCountry "POL"]
[SourceTitle "CBM 211 Extra"]
[Source "ChessBase"]
[SourceDate "2023.01.31"]
[SourceVersion "1"]
[SourceVersionDate "2023.01.31"]
[SourceQuality "1"]

1. d4 Nf6 2. c4 c6 3. Nf3 d5 4. Nbd2 e6 5. e3 Nbd7 6. Bd3 Be7 7. 0-0 0-0 8. b3 c5 9. Bb2 cxd4 10. exd4 b6 11. Ne5 Bb7 12. Ndf3 Rc8 13. Rc1 Rc7 14. Qe2 Qa8 15. Nxd7 Rxd7 16. c5 bxc5 17. dxc5 Ne4 18. b4 a5 19. a3 h6 20. Ne5 Rc7 21. f3 Nf6 22. Bd4 Rfc8 23. Qf2 Nh5 24. b5 f6 25. c6 fxe5 26. Bxe5 Rxc6 27. bxc6 Bxc6 28. Kh1 Be8 29. Qb2 Nf6 30. Bb5 Bg6 31. a4 Kh7 32. Rxc8 Qxc8 33. Rc1 Qd8 34. Bc7 Qa8 35. Qe5 Bf7 36. Bd6 Bd8 37. Bd3+ Kg8 38. Bc7 Be7 39. Bd6 Bd8 40. Bb5 Qb7 41. Qc3 Ne8 42. Bxe8 Bxe8 43. Qc8 Qd7 44. Qxd7 Bxd7 45. Bc7 Bxc7 46. Rxc7 Bxa4 47. Ra7 Bc2 48. Rxa5 Kf7 49. Ra7+ Kf6 50. f4 g5 51. fxg5+ hxg5 52. Kg1 d4 53. Kf2 Bd1 54. h3 e5 55. Ra6+ Kf5 56. g4+ Kf4 57. Rf6+ Ke4 58. h4 gxh4 59. g5 Bb3 60. g6 Kd3 61. Rf3+ Kc2 62. Rxb3 d3 63. Rxd3 Kxd3 64. g7 e4 65. g8Q 1-0

[Event "EU-ch Blitz"]
[Site "Katowice"]
[Date "2022.12.16"]
[Round "15"]
[White "Przybylski, Wojciech"]
[Black "Madan, Augustin"]
[Result "1-0"]
[WhiteElo "2321"]
[BlackElo "2292"]
[PlyCount "135"]
[EventDate "2022.12.16"]
[EventType "swiss (blitz)"]
[EventRounds "22"]
[EventCountry "POL"]
[SourceTitle "CBM 211 Extra"]
[Source "ChessBase"]
[SourceDate "2023.01.31"]
[SourceVersion "1"]
[SourceVersionDate "2023.01.31"]
[SourceQuality "1"]

1. e4 e6 2. d4 d5 3. Nc3 Nf6 4. Bg5 h6 5. Bxf6 Qxf6 6. exd5 Bb4 7. Nge2 exd5 8. a3 Bxc3+ 9. Nxc3 c6 10. Be2 0-0 11. 0-0 Bf5 12. Qd2 Bg6 13. Nd1 Nd7 14. c3 Rfe8 15. Ne3 h5 16. Qd1 h4 17. Bg4 Nf8 18. h3 Re7 19. Qf3 Qxf3 20. Bxf3 Be4 21. Bg4 g6 22. Rfe1 Rae8 23. Nf1 f5 24. Bd1 f4 25. Bg4 Nh7 26. Nd2 Nf6 27. a4 a5 28. b4 axb4 29. cxb4 Kg7 30. Nb3 Bc2 31. Rxe7+ Rxe7 32. Na5 Nxg4 33. hxg4 g5 34. b5 cxb5 35. axb5 Bd3 36. b6 Ba6 37. Rc1 Kf6 38. Rc8 Re1+ 39. Kh2 Rb1 40. Rd8 Bc4 41. Nxb7 Rxb6 42. Nc5 Rb2 43. Rf8+ Ke7 44. Rf5 Rxf2 45. Re5+ Kd6 46. Kg1 Rf1+ 47. Kh2 h3 48. Rxg5 hxg2 49. Rg6+ Kc7 50. Kxg2 f3+ 51. Kg3 Be2 52. Rg7+ Kc6 53. Rg6+ Kb5 54. Rf6 Kc4 55. Ne6 Rg1+ 56. Kh4 Rh1+ 57. Kg3 Rg1+ 58. Kh4 Kc3 59. g5 Kd2 60. g6 Ke1 61. Ng5 Rh1+ 62. Kg3 Rg1+ 63. Kh4 Rh1+ 64. Kg3 Rg1+ 65. Kh4 Rh1+ 66. Nh3 Rh2 67. g7 Rg2 68. Ng5 1-0

[Event "London Imperial College op"]
[Site "London"]
[Date "2013.02.03"]
[Round "5"]
[White "Madan, Augustin"]
[Black "Jones, Steven"]
[Result "1-0"]
[WhiteElo "2299"]
[BlackElo "2005"]
[PlyCount "71"]
[EventDate "2013.02.01"]
[EventType "swiss"]
[EventRounds "5"]
[EventCountry "ENG"]
[SourceTitle "CBM 153 Extra"]
[Source "ChessBase"]
[SourceDate "2013.04.22"]
[SourceVersion "1"]
[SourceVersionDate "2013.04.22"]
[SourceQuality "1"]

1. e4 c5 2. Nc3 Nc6 3. Nf3 Nf6 4. Bb5 g6 5. Bxc6 dxc6 6. d3 Bg7 7. Be3 b6 8. h3 0-0 9. 0-0 Nd7 10. Qd2 e5 11. Bh6 f6 12. Bxg7 Kxg7 13. Ne2 Re8 14. Nh2 Nf8 15. f4 exf4 16. Rxf4 Ne6 17. Rf2 Nd4 18. Nf4 Qd6 19. Raf1 Rf8 20. h4 h5 21. Qe3 Ne6 22. Ne2 Nd4 23. Ng3 Ba6 24. c3 Ne6 25. Rd1 Rad8 26. Rfd2 Rf7 27. d4 cxd4 28. cxd4 Rfd7 29. e5 fxe5 30. Nf3 exd4 31. Nxd4 Nxd4 32. Rxd4 Qxd4 33. Rxd4 Rxd4 34. Qe7+ Kh6 35. Ne4 R8d7 36. Qf8+ 1-0

[Event "London Imperial College op"]
[Site "London"]
[Date "2013.02.02"]
[Round "2"]
[White "Prior, Stephen"]
[Black "Madan, Augustin"]
[Result "0-1"]
[WhiteElo "2000"]
[BlackElo "2299"]
[PlyCount "134"]
[EventDate "2013.02.01"]
[EventType "swiss"]
[EventRounds "5"]
[EventCountry "ENG"]
[SourceTitle "CBM 153 Extra"]
[Source "ChessBase"]
[SourceDate "2013.04.22"]
[SourceVersion "1"]
[SourceVersionDate "2013.04.22"]
[SourceQuality "1"]

1. e4 e6 2. d4 d5 3. Nc3 Bb4 4. e5 b6 5. Bd2 Ba6 6. Bxa6 Nxa6 7. Qe2 Bxc3 8. Bxc3 Nb8 9. Qg4 g6 10. Bd2 c5 11. Nf3 Nc6 12. 0-0 h5 13. Qf4 cxd4 14. Nxd4 Nxd4 15. Qxd4 Rc8 16. Rac1 Ne7 17. Bg5 Nf5 18. Qd2 Qc7 19. Bf6 Rg8 20. c3 b5 21. Rfd1 g5 22. b3 g4 23. c4 bxc4 24. bxc4 d4 25. Qb4 h4 26. Rb1 Rg6 27. Qb7 h3 28. g3 a5 29. Qxc7 Rxc7 30. Rb5 Kd7 31. Rxa5 Rg8 32. f3 gxf3 33. Kf2 Rxc4 34. Kxf3 Rb8 35. Rd2 Rc3+ 36. Kg4 Ne3+ 37. Kxh3 d3 38. Ra4 Nc4 39. Rxc4 Rxc4 40. Rxd3+ Kc6 41. Rd2 Ra8 42. Kg2 Ra3 43. Be7 Rac3 44. Bg5 Rc2 45. Rxc2 Rxc2+ 46. Kh3 Kd5 47. Bf6 Ke4 48. a4 Kf5 49. Bh8 Ra2 50. a5 Rxa5 51. Bf6 Ra2 52. Bh8 Ke4 53. Bf6 Kf3 54. Be7 Ra4 55. Bg5 Rg4 56. Bf6 Rg6 57. Kh4 Kg2 58. g4 Kxh2 59. g5 Kg2 60. Kg4 Rg8 61. Be7 Kf2 62. Kf4 Ke2 63. Ke4 Rc8 64. Kd4 Kf3 65. Bf6 Kf4 66. Kd3 Rc5 67. Kd4 Rd5+ 0-1

[Event "Gatwick e2e4 Masters-A"]
[Site "Crawley"]
[Date "2012.08.19"]
[Round "2"]
[White "Rudd, Jack"]
[Black "Madan, Augustin"]
[Result "1-0"]
[WhiteElo "2295"]
[BlackElo "2315"]
[PlyCount "103"]
[EventDate "2012.08.18"]
[EventType "tourn"]
[EventRounds "9"]
[EventCountry "ENG"]
[EventCategory "1"]
[SourceTitle "CBM 150 Extra"]
[Source "ChessBase"]
[SourceDate "2012.10.19"]
[SourceVersion "1"]
[SourceVersionDate "2012.10.19"]
[SourceQuality "1"]

1. e4 e6 2. d4 d5 3. Nd2 Nf6 4. e5 Nfd7 5. f4 c5 6. c3 Nc6 7. Ndf3 cxd4 8. cxd4 f5 9. Bd3 Nb6 10. Ne2 Be7 11. b3 a5 12. a3 a4 13. b4 Bd7 14. h3 0-0 15. g4 Rc8 16. gxf5 exf5 17. h4 h6 18. Ng3 Be6 19. Ra2 Bxb4+ 20. axb4 Nxb4 21. Rd2 Nc4 22. Bxc4 dxc4 23. Ng5 Bd5 24. 0-0 c3 25. Rh2 Bb3 26. Qh5 Qxd4+ 27. Kg2 Bd5+ 28. Nf3 Nd3 29. Nxf5 Qe4 30. Ne7+ Kh7 31. Kg1 Kh8 32. Nxd5 Qxd5 33. Qg4 b5 34. Rg2 Rc7 35. f5 Nxe5 36. Nxe5 Qxe5 37. Bf4 Qd4+ 38. Kh1 Rcf7 39. Rd1 Qf6 40. Rd5 b4 41. Be5 Qe7 42. f6 Rxf6 43. Bxf6 Qxf6 44. Qxb4 Qf3 45. Rd3 Qf1+ 46. Kh2 Rf4 47. Rd8+ Kh7 48. Qe7 Rf7 49. Qe4+ Qf5 50. Qxf5+ Rxf5 51. Rd7 Rc5 52. Rdxg7+ 1-0

[Event "Coulsdon Jessie Gilbert 4th"]
[Site "Coulsdon"]
[Date "2011.08.20"]
[Round "1"]
[White "Lock, Gavin R"]
[Black "Madan, Augustin"]
[Result "0-1"]
[WhiteElo "2194"]
[BlackElo "2326"]
[PlyCount "72"]
[EventDate "2011.08.20"]
[EventType "swiss"]
[EventRounds "9"]
[EventCountry "ENG"]
[SourceTitle "CBM 144 Extra"]
[Source "ChessBase"]
[SourceDate "2011.10.28"]
[SourceVersion "1"]
[SourceVersionDate "2011.10.28"]
[SourceQuality "1"]

1. c4 e5 2. Nc3 Nc6 3. Nf3 f5 4. d4 e4 5. Bg5 Be7 6. Bxe7 Ncxe7 7. Nd2 Nf6 8. e3 0-0 9. Be2 Kh8 10. 0-0 d6 11. b4 c6 12. f3 exf3 13. Bxf3 d5 14. Rb1 Be6 15. c5 a6 16. a4 Ne4 17. Ncxe4 dxe4 18. Be2 Nd5 19. Nc4 Nc3 20. Qd2 Nxb1 21. Rxb1 Bxc4 22. Bxc4 Qc7 23. Rf1 Rad8 24. g3 Qe7 25. Qc3 h6 26. Kg2 Kh7 27. b5 axb5 28. axb5 Ra8 29. Rf2 g5 30. Kg1 f4 31. gxf4 gxf4 32. exf4 cxb5 33. Bxb5 Rg8+ 34. Kf1 Qf6 35. Qe3 Ra1+ 36. Ke2 Qe6 0-1

[Event "Litomysl op 12th"]
[Site "Litomysl"]
[Date "2010.12.31"]
[Round "7"]
[White "Madan, Augustin"]
[Black "Navratil, Jiri"]
[Result "0-1"]
[WhiteElo "2339"]
[BlackElo "1996"]
[PlyCount "114"]
[EventDate "2010.12.26"]
[EventType "swiss"]
[EventRounds "9"]
[EventCountry "CZE"]
[SourceTitle "CBM 140 Extra"]
[Source "ChessBase"]
[SourceDate "2011.03.01"]
[SourceVersion "1"]
[SourceVersionDate "2011.03.01"]
[SourceQuality "1"]

1. e4 c5 2. Nf3 e6 3. d4 cxd4 4. Nxd4 Nc6 5. Nc3 Nf6 6. Nxc6 dxc6 7. Qxd8+ Kxd8 8. e5 Nd7 9. f4 Bb4 10. Bd2 Bxc3 11. Bxc3 b6 12. Be2 Bb7 13. Bf3 Kc7 14. 0-0-0 Rad8 15. g4 Rhe8 16. Be1 Nb8 17. Bh4 Rxd1+ 18. Rxd1 c5 19. Bxb7 Kxb7 20. Kd2 Nc6 21. Ke3 Kc7 22. Ke4 Nb4 23. c3 Nc6 24. b3 Kc8 25. Rd6 Kc7 26. Rd2 Kc8 27. Rf2 Kd7 28. Bg3 Rd8 29. f5 Ke8 30. h4 Rd1 31. Rg2 Ne7 32. fxe6 fxe6 33. c4 Nc6 34. h5 h6 35. Bf4 Re1+ 36. Be3 Kf7 37. g5 hxg5 38. Rxg5 Ne7 39. Rg1 Re2 40. Kd3 Rh2 41. a3 Nf5 42. Bc1 Rxh5 43. b4 Rh3+ 44. Kd2 Rh4 45. Kd3 Rd4+ 46. Kc3 Re4 47. bxc5 bxc5 48. Rg2 Rxe5 49. Rb2 Kf6 50. Rb7 g5 51. Rxa7 g4 52. Ra8 g3 53. Rg8 Re2 54. Rg4 g2 55. Bd2 Nd4 56. a4 Nf3 57. a5 Rxd2 0-1

[Event "Litomysl op 12th"]
[Site "Litomysl"]
[Date "2010.12.30"]
[Round "6"]
[White "Olsarova, Karolina"]
[Black "Madan, Augustin"]
[Result "1/2-1/2"]
[WhiteElo "2202"]
[BlackElo "2339"]
[PlyCount "62"]
[EventDate "2010.12.26"]
[EventType "swiss"]
[EventRounds "9"]
[EventCountry "CZE"]
[SourceTitle "CBM 140 Extra"]
[Source "ChessBase"]
[SourceDate "2011.03.01"]
[SourceVersion "1"]
[SourceVersionDate "2011.03.01"]
[SourceQuality "1"]

1. e4 c5 2. Nf3 Nc6 3. Bb5 g6 4. Bxc6 bxc6 5. 0-0 Bg7 6. Re1 Nh6 7. c3 0-0 8. d4 cxd4 9. cxd4 f6 10. Nc3 Nf7 11. b3 Qa5 12. Bd2 Qh5 13. h3 d6 14. Rc1 Bd7 15. Ne2 g5 16. Ng3 Qg6 17. Nf5 Bxf5 18. exf5 Qxf5 19. Rxe7 Rfc8 20. Qe2 a5 21. Rxc6 Rxc6 22. Re8+ Rxe8 23. Qxe8+ Bf8 24. Qxc6 Qb1+ 25. Kh2 Qxa2 26. Qa4 Qc2 27. Bxa5 Qxf2 28. Be1 Qe2 29. Qc4 Qxc4 30. bxc4 f5 31. Bd2 Be7 1/2-1/2

[Event "Litomysl op 12th"]
[Site "Litomysl"]
[Date "2010.12.29"]
[Round "5"]
[White "Madan, Augustin"]
[Black "Cizinsky, Petr"]
[Result "1/2-1/2"]
[WhiteElo "2339"]
[BlackElo "2148"]
[PlyCount "102"]
[EventDate "2010.12.26"]
[EventType "swiss"]
[EventRounds "9"]
[EventCountry "CZE"]
[SourceTitle "CBM 140 Extra"]
[Source "ChessBase"]
[SourceDate "2011.03.01"]
[SourceVersion "1"]
[SourceVersionDate "2011.03.01"]
[SourceQuality "1"]

1. d4 Nf6 2. Nf3 g6 3. g3 Bg7 4. Bg2 0-0 5. 0-0 c5 6. d5 d6 7. Nc3 Nbd7 8. a4 a6 9. e4 Rb8 10. a5 b5 11. axb6 Rxb6 12. Ra2 Rb4 13. Re1 Ng4 14. h3 Nge5 15. Nxe5 Nxe5 16. Na4 Bd7 17. c3 Rxa4 18. Rxa4 Bxa4 19. Qxa4 Nd3 20. Rd1 Nxc1 21. Rxc1 Qb6 22. Rc2 Rb8 23. Bf1 a5 24. Bc4 Bf6 25. Kg2 Qc7 26. f4 h6 27. Re2 Rb7 28. Ba6 Rb6 29. Qe8+ Kg7 30. Bc4 Rb7 31. h4 Rb6 32. Kh3 Rb7 33. g4 g5 34. e5 dxe5 35. fxg5 hxg5 36. h5 e4 37. d6 exd6 38. Qxe4 Qe7 39. Qf3 Be5 40. Bd5 Ra7 41. Be4 Qe6 42. Rf2 Bf4 43. Qd3 Re7 44. Re2 d5 45. Bf3 Qxe2 46. Bxe2 Re3+ 47. Qxe3 Bxe3 48. Bf3 d4 49. cxd4 Bxd4 50. b3 Kh6 51. Be4 f6 1/2-1/2

[Event "Litomysl op 12th"]
[Site "Litomysl"]
[Date "2010.12.27"]
[Round "2"]
[White "Kotva, Milan"]
[Black "Madan, Augustin"]
[Result "0-1"]
[WhiteElo "2070"]
[BlackElo "2339"]
[PlyCount "46"]
[EventDate "2010.12.26"]
[EventType "swiss"]
[EventRounds "9"]
[EventCountry "CZE"]
[SourceTitle "CBM 140 Extra"]
[Source "ChessBase"]
[SourceDate "2011.03.01"]
[SourceVersion "1"]
[SourceVersionDate "2011.03.01"]
[SourceQuality "1"]

1. d4 Nf6 2. c4 e6 3. Nc3 Bb4 4. e3 c5 5. Nge2 cxd4 6. exd4 d5 7. a3 Be7 8. cxd5 Nxd5 9. Nxd5 exd5 10. Nc3 0-0 11. Bd3 Nc6 12. Qh5 f5 13. Ne2 Qb6 14. Qf3 Bf6 15. Be3 Qxb2 16. Qxd5+ Kh8 17. 0-0 Rd8 18. Qc4 Na5 19. Qc7 Qb6 20. Qg3 Qd6 21. Bf4 Qd5 22. Bc7 Rd7 23. Rac1 b6 0-1